Taj: (Record no. 26132)

MARC details
000 -LEADER
fixed length control field 00947nam a22002417a 4500
005 - DATE AND TIME OF LATEST TRANSACTION
control field 20080814104839.0
008 - FIXED-LENGTH DATA ELEMENTS--GENERAL INFORMATION
fixed length control field 080814t xxu||||| |||| 00| 1 eng d
010 ## - LCCN (DPL NO)
LC control number B-285015
020 ## - INTERNATIONAL STANDARD BOOK NUMBER
International Standard Book Number 0143031163
Terms of availability 275.00
020 ## - INTERNATIONAL STANDARD BOOK NUMBER
International Standard Book Number 9780143031161
Terms of availability 275.00
035 ## - SYSTEM CONTROL NUMBER
System control number B-285015
037 ## - SOURCE OF ACQUISITION
Source of stock number/acquisition UBH (Vender)
040 ## - CATALOGING SOURCE
Original cataloging agency DPL
Language of cataloging ENG
082 ## - DEWEY DECIMAL CLASSIFICATION NUMBER
Classification number N
100 ## - MAIN ENTRY--PERSONAL NAME
Personal name Timeri N. Murari
245 ## - TITLE STATEMENT
Title Taj:
Statement of responsibility, etc by Timeri N.Murari
Remainder of title a story of Mughal India /
260 ## - PUBLICATION, DISTRIBUTION, ETC. (IMPRINT)
Place of publication, distribution, etc New Delhi
Name of publisher, distributor, etc Penguin Books
Date of publication, distribution, etc 2004
270 ## - ADDRESS
Address 11 Community Centre, Panchsheel Park
City New Delhi
Postal code 110017
300 ## - PHYSICAL DESCRIPTION
Extent x, 371p.
Dimensions 20cm. (pbk)
942 ## - ADDED ENTRY ELEMENTS (KOHA)
Source of classification or shelving scheme Dewey Decimal Classification
Item type English Books
Classification part N
Call number suffix TIM
Holdings
Withdrawn status Lost status Source of classification or shelving scheme Damaged status Not for loan Collection code Home library Current library Date acquired Source of acquisition Cost, normal purchase price Total Checkouts Total Renewals Full call number Barcode Date last seen Copy number Cost, replacement price Koha item type
    Dewey Decimal Classification     Fiction Vinoba Puri Vinoba Puri 06/05/2009 UBH/143/25.8.08/187/21.7.08/29.8.08 275.00 5 1 N TIM B-285015 26/09/2022 1 275.00 English Books

© Delhi Public Library
Hit Counter
free hit counter